Logística integral (Registro nro. 3887)

Detalles MARC
000 -Cabecera
Campo de control de longitud fija 01130nam a2200409 4500
005 - Fecha y hora de la última transacción
Campo de control 20251111175022.0
008 - Elementos de longitud fija--Información general
Campo de control de longitud fija 150311b2011 xxu||||| |||| 00| 0 spa d
020 ## - International Standard Book Number
Número Internacional Estándar del Libro (ISBN) 9789588675435
041 ## - Idioma
Código de idioma Español
082 ## - Clasificación Decimal Dewey
Número de clasificación 658.5 R741l
100 ## - Entrada principal--Autor personal
Nombre personal Rojas López, Miguel David
9 (RLIN) 18331
100 ## - Entrada principal--Autor personal
Nombre personal Guisao Giraldo, Erica Yaneth
9 (RLIN) 18332
100 ## - Entrada principal--Autor personal
Nombre personal Cano Arenas, José Alejandro
9 (RLIN) 18333
245 ## - Título propiamente dicho
Título Logística integral
260 ## - Pie de imprenta
Lugar de publicación, distribución, etc. Colombia
260 ## - Pie de imprenta
Nombre del editor, distribuidor, etc. De la U
260 ## - Pie de imprenta
Fecha de publicación, distribución, etc. 2011
300 ## - Descripción física
Extensión 227 páginas
490 ## - Serie
Título de la Serie Dirección y Administración de Empresas
490 ## - Serie
Título de la Serie Secretariado Ejecutivo
650 ## - Materia general
Temática (materia general) GERENCIA DE PRODUCCIÓN
650 ## - Materia general
Temática (materia general) ADMINISTRACIÓN DE EMPRESAS
650 ## - Materia general
Temática (materia general) LOGÍSTICA
650 ## - Materia general
Temática (materia general) COMPRAS
650 ## - Materia general
Temática (materia general) ALMACENAMIENTO
650 ## - Materia general
Temática (materia general) INVENTARIOS
650 ## - Materia general
Temática (materia general) STOCKS
650 ## - Materia general
Temática (materia general) ADMINISTRACIÓN DE MATERIALES
650 ## - Materia general
Temática (materia general) TIEMPOS Y MOVIMIENTOS
650 ## - Materia general
Temática (materia general) JUSTO A TIEMPO
650 ## - Materia general
Temática (materia general) LOGÍSTICA DE SALIDA
650 ## - Materia general
Temática (materia general) LOGÍSTICA INVERSA
650 ## - Materia general
Temática (materia general) CÓDIGO DE BARRAS
650 ## - Materia general
Temática (materia general) LOGÍSTICA INVERSA
650 ## - Materia general
Temática (materia general) CASOS DE ESTUDIO
942 ## - Punto de acceso adicional KOHA
Tipo de ítem KOHA Libro
Fuente del sistema de clasificación o colocación Dewey Decimal Classification
Existencias
Signatura completa Código de barras Programa Académico Tipo de ítem
658.5 R741l 19104   Libro
658.5 R741l 17669   Libro